| 000 | 00597nam a22001937a 4500 | ||
|---|---|---|---|
| 999 |
_c525609 _d525609 |
||
| 003 | NUST | ||
| 005 | 20190703072920.0 | ||
| 008 | 190703b ||||| |||| 00| 0 eng d | ||
| 038 | _aMr. Zahoor | ||
| 082 | _a307.1 | ||
| 100 |
_aAltaf, Tooba _916523 |
||
| 245 |
_aAssessment of Policies and Barriers in Making Cities Resilient in Khyber Pakhtunkhwa / _cTooba Altaf |
||
| 260 |
_aIslambad : _bSCEE - NUST, _c2018. |
||
| 300 |
_a98 p. : ill. ; _c30cm. |
||
| 500 | _aHardcover. | ||
| 650 |
_aUrban and Regional Planing - MS Thesis _916524 |
||
| 700 |
_aDr. Abdul Waheed _916525 |
||
| 942 |
_2ddc _cTHE |
||